[Event "Hamburg SKA"]
[Site "Hamburg"]
[Date "1991.07.08"]
[Round "10"]
[White "Wahls, Matthias"]
[Black "Wegner, Hannu"]
[Result "1-0"]
[WhiteElo "2560"]
[BlackElo "2435"]
[Annotator "Schussler,H"]
[PlyCount "95"]
[EventDate "1991.06.27"]
[EventType "tourn"]
[EventRounds "13"]
[EventCountry "GER"]
[EventCategory "11"]
[SourceTitle "CBM 024"]
[Source "ChessBase"]
[SourceDate "1991.10.01"]
[SourceVersion "1"]
[SourceVersionDate "1991.10.01"]
[SourceQuality "1"]

1. e4 e5 2. Nf3 Nc6 3. Nc3 Nf6 4. Bb5 Bc5 5. d3 (5. Nxe5 Nxe5 6. d4 Bd6 7. f4
$13) (5. O-O $1 O-O {5. - d6 6.d4 is also better for White.} 6. Nxe5 Nxe5 7. d4
Bd6 8. f4 $14) 5... d6 6. Be3 Bb6 7. Nd5 Bxe3 8. fxe3 O-O 9. Nc3 Ne7 $10 10.
Qd2 Ng6 11. O-O Bd7 12. Bc4 Be6 13. Bb3 Bxb3 14. axb3 c6 15. Kh1 a6 16. Ng1 d5
17. exd5 Nxd5 18. e4 Ndf4 19. Nge2 f6 20. Ng3 Nh4 21. Rf2 Qd7 22. Nf1 Ne6 23.
Ne3 Nd4 24. Na4 Rae8 25. Raf1 Rf7 26. Nc5 Qc7 27. b4 Qb6 28. Qc3 Nb5 29. Qb3
Nd6 30. Qa3 Ng6 31. c3 Nf4 32. Rf3 Ne6 33. Nb3 Qd8 34. Qa2 Qb6 35. Rd1 Ree7 36.
Na5 Qc7 37. Rff1 Kh8 38. Nb3 Qb6 39. Rfe1 Kg8 40. Nf5 Rd7 41. d4 exd4 42. Nbxd4
Nf8 $2 43. e5 fxe5 44. Nxd6 Rxd6 45. Nf3 Rxd1 46. Rxd1 Qe3 47. Rf1 {47.Re1?
Rxf3 - + .} Qd3 48. Qxf7+ 1-0

[Event "Munich SKA"]
[Site "Munich"]
[Date "1991.05.09"]
[Round "5"]
[White "Nunn, John DM"]
[Black "Huebner, Robert"]
[Result "1/2-1/2"]
[WhiteElo "2600"]
[BlackElo "2620"]
[Annotator "Schussler,H"]
[PlyCount "59"]
[EventDate "1991.05.04"]
[EventType "tourn"]
[EventRounds "13"]
[EventCountry "GER"]
[EventCategory "14"]
[SourceTitle "CBM 023"]
[Source "ChessBase"]
[SourceDate "1991.08.01"]
[SourceVersion "1"]
[SourceVersionDate "1991.08.01"]
[SourceQuality "1"]

1. e4 e5 2. Nf3 Nc6 3. Nc3 Nf6 4. Bb5 Nd4 5. Ba4 Bc5 6. Nxe5 O-O 7. Nd3 Bb6 8.
e5 Ne8 9. Nd5 d6 10. Ne3 {Definitely stronger than 10.c3 Qh4 11.Ne3 Qe4 which
was good for Black in Tylor-Milner-Barry, Hastings 1938/39.} Qg5 11. exd6 Nxd6
12. O-O N6f5 13. c3 Nxe3 14. dxe3 Bh3 15. Ne1 Nc6 16. e4 $16 Qg6 17. Kh1 Be6
18. Qe2 Ne5 19. Bb3 Bxb3 20. axb3 Rfe8 21. f3 Rad8 22. Bf4 Qe6 23. Bxe5 Qxe5
24. Nc2 f5 25. Rae1 fxe4 26. fxe4 c6 27. Na3 Bc7 28. g3 Qe6 29. b4 Rd7 30. Nc2
$14 1/2-1/2

[Event "Linares 13th"]
[Site "Linares"]
[Date "1995.03.09"]
[Round "7"]
[White "Shirov, Alexei"]
[Black "Sokolov, Ivan"]
[Result "1-0"]
[WhiteElo "2710"]
[BlackElo "2645"]
[Annotator "Shirov,A"]
[PlyCount "109"]
[EventDate "1995.03.01"]
[EventType "tourn"]
[EventRounds "13"]
[EventCountry "ESP"]
[EventCategory "17"]
[SourceTitle "CBM 046"]
[Source "ChessBase"]
[SourceDate "1995.06.01"]
[SourceVersion "1"]
[SourceVersionDate "1995.06.01"]
[SourceQuality "1"]

1. e4 {Notkin} e5 2. Nf3 Nc6 3. Nc3 Nf6 4. Bb5 Nd4 5. Ba4 c6 6. Nxe5 $5 (6. O-O
a5 7. a3 $10) 6... d5 7. d3 Bd6 8. Nf3 $1 (8. f4 {Notkin} dxe4 (8... Bc5 $5 9.
exd5 b5 10. Bb3 cxd5 11. Ne2 Nxb3 12. axb3 d4 13. O-O O-O 14. Ng3 Bb7 $44 {
Adams,M-Malaniuk,V/New York/1994/1:0/52/}) (8... O-O 9. O-O b5 10. Bb3 b4 11.
Ne2 Nxb3 12. axb3 dxe4 13. d4 Qc7 14. c4 bxc3 15. bxc3 Nd5 $15 {Nunn,J-Kamsky,
G/Monaco/1994/0:1/48/}) 9. dxe4 Bxe5 10. fxe5 Ng4 11. O-O O-O 12. h3 Nxe5 13.
Be3 c5 14. Nd5 $14 {Istratescu,A-Wells,P/ROM/1993/1:0/30/}) 8... Bg4 (8...
Nxf3+ 9. gxf3 (9. Qxf3 d4 {/\Bg4/}) 9... Qa5 (9... O-O 10. Bb3 a5 11. a4 Re8
$44) 10. Bd2 Qc7 11. Qe2 O-O 12. d4 $16 {Lemmers,O-Kroeze,F/Enschede/1993/1:0/
40/}) 9. Be3 Bc5 $5 (9... Nxf3+ 10. gxf3 Bh5 11. exd5 O-O 12. dxc6 bxc6 13. Rg1
g6 14. Bb3 Bxh2 15. Rh1 Be5 16. d4 Bc7 17. Qe2 $16 {Spraggett-David/Monaco/
1994/}) 10. Bxd4 Bxd4 11. Qd2 Bxf3 $1 (11... Bxc3 12. Qxc3 O-O (12... dxe4 13.
dxe4 Nxe4 14. Bxc6+ bxc6 15. Qxc6+ Kf8 16. Qxe4 Bxf3 17. gxf3 $1 Rb8 18. O-O
Rxb2 19. Rad1 $18) 13. Nd2 $16) 12. gxf3 b5 (12... O-O {Notkin} 13. Nd1 (13.
O-O-O a5 $1 $17) (13. Bb3 $5) 13... b5 14. Bb3 a5 15. c3 (15. a4 b4 $44) 15...
Bb6 16. Bc2 Re8 17. Ne3 g6 $44) 13. Nxb5 $6 (13. Bb3 $5 a5 14. a4 b4 15. Ne2
Bxb2 (15... dxe4 16. Nxd4 Qxd4 17. fxe4 Qxb2 18. O-O $14) 16. Rb1 Be5 17. f4 (
17. d4 Bc7 18. e5 Nh5 19. c4 $14) 17... Bc7 18. e5 Nh5 19. d4 Qh4 20. c4 bxc3
21. Qxc3 O-O 22. Qxc6 $16) 13... cxb5 14. Bxb5+ Nd7 $1 (14... Kf8 $6 15. Qb4+
Kg8 16. Qxd4 Qa5+ 17. c3 Qxb5 18. O-O-O $16) 15. c3 Bb6 16. d4 (16. exd5 O-O
$13) (16. Bc6 Rc8 17. Bxd5 Ne5 18. Ke2 (18. O-O-O Nxf3 19. Qf4 Qg5 $13) 18...
Qh4 19. d4 Ng6 20. Rag1 Nf4+ 21. Kd1 Nxd5 22. exd5 O-O $13) 16... dxe4 17. fxe4
O-O 18. O-O-O Rb8 $1 (18... Nf6 $5 {Notkin}) 19. Rdg1 $1 (19. Rhg1 $6 g6 $13) (
19. Bd3 $5 {Notkin}) 19... Nf6 (19... g6 20. h4 $1 $40) (19... Kh8 20. Bxd7
Qxd7 21. Rxg7 $1 Bxd4 $1 (21... Kxg7 22. Qg5+ Kh8 23. Qf6+ $18) 22. Rg5 $1 (22.
cxd4 $2 Qc6+ 23. Kb1 Kxg7 24. Qg5+ Qg6) 22... Rfc8 23. Rd5 Bxc3 $1 24. Rxd7 $1
(24. bxc3 Qa4 $1 $132) 24... Bxd2+ 25. Kxd2 Rxb2+ 26. Ke3 $16) (19... g6 20. h4
Bc7 (20... Bxd4 21. Bxd7 Bg7 22. Rh3 $16) 21. Bc4 Qf6 22. Kb1 $16) (19... Ne5
$1 20. dxe5 (20. Qe2 Bxd4 $1) (20. Be2 Nc6 {/\ Nd4!}) (20. Rg3 Bc7 $1 21. Be2
Ng6 $17) 20... Qxd2+ 21. Kxd2 Bxf2 22. Rg2 Rxb5 23. Rxf2 Rxb2+ 24. Ke3 Rb5 $10)
20. e5 Bxd4 (20... Ne4 $2 21. Qh6 g6 22. Bc4 $1 (22. Rg4 Bxd4 23. Bc4 (23. Rxe4
Qd5 24. Rh4 Be3+ $3 25. fxe3 Qxh1+ 26. Kc2 Qg2+ $10) 23... Qb6) (22. Bd3 {
Notkin} Bxd4 $1 (22... Nxf2 $2 23. Bxg6 fxg6 24. Rxg6+ hxg6 25. Qxg6+ Kh8 26.
Qh5+ $18) 23. Bxe4 Bxe5 {/\Qf6~/=/}) 22... Kh8 23. Rg4 Nxf2 (23... f5 24. Rxg6
$18) 24. Rh4 Qxh4 25. Qxh4 Nxh1 26. Qf6+ Kg8 27. e6 Rb7 28. e7 Rxe7 29. Qxe7
$18) (20... Nd5 21. Qh6 g6 22. Rg3 (22. h4 $2 Bxd4 $19) 22... Qc7 23. Rh3 f6
24. e6 Qg7 (24... Bxd4 $2 25. Bc4 Rfd8 26. e7 Qxe7 27. cxd4 $13) (24... Qf4+
25. Qxf4 Nxf4 26. Rf3 Nd5 27. Bc4 $16) 25. Qxg7+ Kxg7 26. Bc4 Rfd8 27. Re1 Ne7
$13) (20... Ne8 {Notkin} 21. Bd3 $16) (20... Nh5 {Notkin} 21. Qh6 (21. Be2 Qh4
22. Bd1 (22. Rg5 Bxd4) (22. Rg4 $1 $16) 22... f5 $15) 21... Bxd4 $1 22. cxd4
Rxb5 23. Qxh5 (23. Rxg7+ Nxg7 24. Rg1 Qc7+ 25. Kd1 f6) 23... Qc7+ 24. Kb1 Rxb2+
$1 $19) 21. exf6 (21. Qxd4 $2 {Notkin} Qxd4 22. cxd4 Ne4 $17) 21... Qxf6 (21...
Bxf6 22. Qxd8 Rfxd8 23. a4 $16 (23. Bc4 $16 {Notkin})) 22. Qxd4 Qxd4 (22...
Qh6+ {Notkin} 23. f4 Rxb5 24. Rxg7+ Qxg7 25. Rg1 $18) 23. cxd4 Rxb5 24. Rd1 $1
Rc8+ $6 (24... Rd8 $142 25. Rd3 Rf5) 25. Kb1 Rd8 26. Rd3 g5 $5 (26... Kf8 {
Notkin} 27. Rhd1 Ke7 $14) 27. Rhd1 Kg7 (27... Kf8 {/\ Ke7}) 28. d5 Rd6 29. b3
a5 $6 (29... h5 $5) (29... Kf6 {Notkin} 30. Kb2 Ke5 31. Re3+ Kf6 (31... Kf4 32.
Re7) 32. Rf3+ Kg6 33. Rfd3 $16) (29... f5 $5 {Notkin} 30. Kb2 Kf6 31. Kc3 Rc5+
32. Kb4 Rc7 $14) 30. Kb2 Kf6 (30... a4 31. Kc3 axb3 32. axb3 $16) 31. Ka3 Ke7
32. Ka4 Rc5 33. Re3+ Kd7 (33... Kf6 $142 {Notkin} 34. Rf3+ Kg6 $16) 34. Rf3 Ke7
(34... Rdxd5 35. Rxd5+ Rxd5 36. Rxf7+ $18) (34... f6 {Notkin}) 35. Rf5 $1 f6
36. h4 $1 gxh4 (36... h6 37. h5 $16) 37. Rh5 Kd8 38. a3 $2 (38. Rxh4 Rcxd5 39.
Rxd5 Rxd5 40. Rxh7 Rd2 (40... Rf5 41. a3 Rf3 42. Ra7 f5 43. Rxa5 Rxf2 44. Ra7
f4 45. b4 f3 46. Rf7 Ke8 47. Rf4 Kd7 48. Kb5 Kc7 49. a4 $18) 41. a3 Rxf2 42.
Kxa5 $18) 38... Kc7 $1 39. Rxh7+ Kb6 40. Rxh4 Rcxd5 41. Rxd5 Rxd5 42. Re4 (42.
Rf4 f5) 42... Rf5 (42... Rd6 43. Rf4 Re6 44. Rf5 Re4+ 45. b4 axb4 46. Rxf6+ Kc5
47. Rf5+ $18) 43. Re6+ Kb7 44. f4 Ka7 (44... Rxf4+ 45. Kxa5 $18) 45. Re4 Kb6
46. b4 axb4 47. axb4 Kc6 48. Rc4+ Kb6 49. Rd4 Kc6 50. Kb3 Rh5 (50... Kb5 {
Notkin} 51. Kc3 Rh5 52. Kd3 f5 53. Kc3 $18) 51. Kc4 Rh1 $2 (51... Rf5 $1 52.
Kd3 Rh5 53. Ke4 Rb5 54. Rc4+ $1 Kd6 (54... Kb6 55. Kf3 Rf5 56. Kg4 Rb5 57. f5
$1 Rd5 58. Rc8 Kb7 59. Rc5 Rd4+ 60. Kh5 Rxb4 61. Kg6 $18) 55. Kd4 Rf5 (55...
Rh5 56. Rc5 Rh4 57. Ke4 $18) 56. Kc3 Rh5 57. Kb3 Rh1 58. Ka4 $18) 52. b5+ Kc7
53. Kd5 Kd7 54. Kc5+ Kc8 (54... Kc7 55. b6+) 55. Rd6 (55. Kd6 {Notkin} Re1 56.
Rd5 $18) 1-0

[Event "WchT 10th"]
[Site "Tsaghkadzor"]
[Date "2015.04.25"]
[Round "6.4"]
[White "Wei, Yi"]
[Black "Rodshtein, Maxim"]
[Result "1-0"]
[WhiteElo "2706"]
[BlackElo "2654"]
[Annotator "Szabo,Kr"]
[PlyCount "157"]
[EventDate "2015.04.19"]
[EventType "team-tourn"]
[EventRounds "9"]
[EventCountry "ARM"]
[SourceTitle "CBM 166"]
[Source "ChessBase"]
[SourceDate "2015.05.11"]
[SourceVersion "1"]
[SourceVersionDate "2015.05.11"]
[SourceQuality "1"]
[WhiteTeam "China"]
[BlackTeam "Israel"]
[WhiteTeamCountry "CHN"]
[BlackTeamCountry "ISR"]

1. e4 e5 2. Nf3 Nc6 3. Bb5 Nf6 4. Nc3 Nd4 5. Ba4 c6 (5... Bc5 {is another main
continuation.}) 6. Nxe5 (6. d3 a5 $5 {An interesting move, which seems strong
for Black. He would like to trap the B.} 7. Nxe5 d6 8. Nf3 Nxf3+ 9. Qxf3 Bg4
10. Qg3 b5 11. Nxb5 cxb5 12. Bxb5+ Bd7 13. Bc4 Nh5 14. Qf3 Nf6 15. Qg3 Nh5 {
with a draw in Vallejo-Giri, ESP-chT 2013.}) 6... d5 {Nowadays the most
fashionable move.} ({Nevertheless} 6... d6 {is more popular.}) 7. d3 ({After
the greedy} 7. exd5 Bd6 8. dxc6 O-O $44 {Black has great compensation for the
Ps.}) 7... Bd6 8. f4 (8. Nf3 Bg4 {is also common.}) 8... Bc5 {Black plays
again with his B, but now White can't castle easily. The g1-a7 diagonal is
important for the B.} 9. exd5 O-O 10. dxc6 {This might look greedy, but White
needs to take some material to compensate for his poor K position.} bxc6 11. h3
{White also plays a pawn move, but he needs to control the important g4-square.
} Re8 12. Qd2 $1 $146 {The first new move in the game, which is the best
defence. I guess it was still preparation.} (12. O-O Rxe5 13. fxe5 Ne2+ 14. Kh1
{and draw in Rohs-Sherwood, corr 2015. For example:} Ng3+ 15. Kh2 Nxf1+ 16.
Qxf1 Ng4+ $1 17. Kh1 Nf2+ 18. Kh2 Ng4+ $11 {with perpetual checks.}) 12... Nd7
$1 {The strongest reply.} 13. Kd1 {It is not a pretty move, but White has to
do something with his K.} Nxe5 14. fxe5 Rxe5 15. Re1 {Of course, White has to
simplify.} Rxe1+ ({In the event of} 15... Qe7 16. Rxe5 Qxe5 17. Qg5 $1 Bf5 18.
Bf4 Qe6 19. Bb3 {Otherwise ...Re8 is too strong.} Nxb3 20. axb3 Re8 21. Bd2 $14
{followed by Kc1-b1 and White is a healthy P up.}) 16. Qxe1 Bf5 17. Qe5 (17.
Ne4 $5 {was the alternative} Bf8 (17... Bb6 18. c3 $1 Ne6 19. Kc2 $1 $14 {
and White is OK.}) 18. Bd2 ({Now} 18. c3 $2 {is dubious, as} Qa5 $1 19. Bc2 (
19. b3 Ne6 20. Bxc6 Rd8 $17 {and White is in trouble.}) 19... Nxc2 20. Kxc2 c5
$36 {and Black has a great initiative for the P.}) 18... Bg6 $44 {and Black
has also some compenstaion for the P.}) 17... Qf8 $2 {A very logical move,
which protects the B and prepares for ...Re8. Nevertheless this is a mistake;
moreover Black had a stronger move, which only leads to a draw.} (17... Bb6 $1
{was the correct reply,} 18. Bxc6 {If White doesn't accept this P, Black would
simply continue with Qd7 followed by Re8, with a great attack.} Bc7 19. Qc5 ({
The logical} 19. Qd5 $2 {is losing, as} Qf6 $1 20. Bxa8 Bg4+ $1 21. hxg4 Qf1+
22. Kd2 Bf4# {with a nice mate!}) 19... Bb6 20. Qd5 (20. Qe5 Bc7 $11) 20... Qf6
$1 {This is the point!} 21. Bxa8 Bg4+ 22. hxg4 Qf1+ 23. Kd2 Qf2+ 24. Kd1 Qf1+
$11 {and draw by perpetual checks.}) 18. Bxc6 $1 {The right answer!} Nxc6 19.
Qxf5 Nd4 20. Qf4 (20. Qf1 $5 {was also an interesting option.}) 20... Re8 21.
Bd2 $6 {A logical developing move, but not the best.} (21. Ne4 $1 {was correct,
for example:} f5 22. Nxc5 Qxc5 23. c3 $16 {and White looks nicely placed.})
21... Qe7 $1 {Now the position is very unclear, since Black's pieces are
working well together.} 22. Qg5 ({Now} 22. Ne4 $2 {could have been met by} f5
$1 23. Ng3 (23. Nxc5 $2 Qe2+ $1 24. Kc1 Qxg2 $19 {and Black wins.}) 23... Qb7 {
with a lot of threats.}) 22... Qb7 23. b4 $5 {An ambitious reaction by Wei Yi!}
Bb6 (23... Bxb4 $1 {was more accurate,} 24. Rb1 Qb6 $1 25. a3 $2 Nb5 $1 $19 {
and White can't defence against ...Qg1.}) 24. Qd5 Qc7 25. Kc1 ({The computer
suggests} 25. a4 $1 {to push the B away from the good b6-square.} Rd8 26. Qc4 (
26. Qe4 $5) 26... Qh2 27. Kc1 Qh1+ 28. Kb2 Qxg2 29. Ne4 $14 {and finally
White's K is safe, his position is slightly better.}) 25... Rd8 $6 {An
inaccuracy.} (25... Rc8 $1 {was stronger; now he is threatening ...Ne2.}) 26.
Qc4 Qg3 27. Kb2 (27. a4 $1 {was still a strong move.}) 27... Qxg2 28. Ne4 Qxh3
(28... Nf3 29. Bc3 Qxh3 (29... Nd4 $5) 30. a4 h5 $132 {is still a sharp
middlegame.}) 29. Qxf7+ Kxf7 30. Ng5+ Kg8 $6 {Another dubious move.} ({Black
should have played} 30... Kg6 {to activate his K, which will be very important
in the endgame.}) 31. Nxh3 Nf3 32. Bf4 Bd4+ (32... h6 $5 {was more natural to
prepare for ...g5. However White continues with} 33. Rf1 Nd4 34. c4 {and his
queenside's Ps are very fast.}) 33. c3 Bf6 34. Nf2 Bh4 35. Be3 Re8 36. Ne4 Ne1
37. Rd1 a6 38. a4 Nxd3+ {'Black takes back material but he is clearly down in
the race.'} 39. Rxd3 Rxe4 {Now the material is balanced, but White's Ps are
more advanced, his position should be winning.} 40. b5 ({Probably} 40. Kb3 {
was more accurate to push the c-P,} h5 41. c4 Bg3 42. b5 axb5 43. cxb5 $18 {
and White is winning.}) 40... axb5 (40... Rxa4 41. b6 $18) 41. axb5 h5 42. Bd4
(42. b6 {was also fine.}) 42... Bg5 43. b6 Bf4 (43... h4 $142 {was more
accurate} 44. Rf3 $1 (44. b7 Bf4) 44... Be7 45. Kc2 {and White is also fine.})
44. Rf3 $2 (44. Rh3 $1 {was better, to slow down the Ps.}) 44... g5 $1 {
Now Black Ps are also dangerous.} 45. Kc2 h4 (45... Re8 $1 46. Kd3 Kf7 47. Be3
Ke6 48. Bxf4 gxf4 49. Rxf4 Kd5 {and Black survives.}) 46. Kd3 Re7 $1 (46... Re1
47. c4 Kf7 48. c5 Ke6 49. Kc4 $18) ({or} 46... Re8 47. c4 {and White looks
faster.}) 47. c4 Rh7 {A perfect place for the R, as it stops White's b-P and
helps the h-P advance.} 48. c5 h3 49. Rxf4 (49. Bg1 $5 {was the alternative,}
h2 50. Bxh2 Bxh2 51. Rf2 Bb8 52. c6 Kg7 {with a complicated endgame. I think
Black can survive.}) 49... gxf4 50. c6 h2 51. b7 {It is difficult to say,
which white P is more important to push.} (51. c7 h1=Q 52. c8=Q+ Kf7) 51...
Rh3+ $2 {The decisive mistake. After this move White is winning, but it is
very difficult in a practical game.} (51... h1=Q $1 {was correct,} 52. b8=Q+
Kf7 53. Qxf4+ Ke8 54. Qb8+ Kf7 55. Qc7+ Kg6 $11 {and a draw.}) 52. Kc4 $18 h1=Q
53. b8=Q+ Kh7 54. Qh8+ Kg6 55. Qf6+ Kh5 56. Qf5+ Kh6 57. Qf6+ Kh5 58. Qf5+ Kh6
59. Qxf4+ {The win is still not so easy to achieve, but with exact calculation
Wei Yi forces his win.} Kg6 60. Qf6+ Kh5 61. Qf5+ Kh6 62. Qf4+ Kg6 63. Qg4+ Kh6
64. Qe6+ Kh5 65. Qf5+ Kh6 66. Qf6+ Kh5 67. c7 $1 Qc1+ 68. Bc3 Rh4+ (68... Rxc3+
{is also losing easliy} 69. Qxc3 Qf1+ 70. Kb4 Qf4+ 71. Kb3 Qf7+ 72. Qc4 Qf3+
73. Kb4 Qf8+ 74. Qc5+ $18) 69. Kd5 Qd1+ 70. Kc5 Qg1+ 71. Kb5 Qb1+ 72. Kc5 Qg1+
73. Bd4 $1 Qc1+ 74. Kb6 Qb1+ 75. Ka7 (75. Kc6 $18) 75... Qa2+ 76. Qa6 Qf7 77.
Qb5+ Kg6 78. Qb6+ Kf5 79. Kb8 {What a nice victory by Wei Yi!} 1-0